تقرير محافظة جنوب سيناء حاضرها...و مستقبلها (رقم التسجيلة. 102153)

تفاصيل مارك
000 -LEADER
fixed length control field 008170am a2200229 004500
003 - CONTROL NUMBER IDENTIFIER
control field EG-GiCUC
008 - FIXED-LENGTH DATA ELEMENTS--GENERAL INFORMATION
fixed length control field 080810s1979 ua g 000 0 ara d
040 ## - CATALOGING SOURCE
Original cataloging agency EG-GiCUC
Language of cataloging ara
Transcribing agency EG-GiCUC
043 ## - GEOGRAPHIC AREA CODE
Geographic area code f-ua---
-- f-----
092 04 - LOCALLY ASSIGNED DEWEY CALL NUMBER (OCLC)
Classification number 916.2392
Item number T175
Edition number 21
099 ## - LOCAL FREE-TEXT CALL NUMBER (OCLC)
Classification number 04
-- 916.2392 T175
245 10 - TITLE STATEMENT
Title تقرير محافظة جنوب سيناء حاضرها...و مستقبلها
260 ## - PUBLICATION, DISTRIBUTION, ETC.
Place of publication, distribution, etc. القاهرة :
Name of publisher, distributor, etc. المحافظة :
Date of publication, distribution, etc. 1979
300 ## - PHYSICAL DESCRIPTION
Extent 58ص ؛
Dimensions 30سم
651 #7 - SUBJECT ADDED ENTRY--GEOGRAPHIC NAME
Geographic name سيناء الجنوبية : محافظة
General subdivision وصف و رحلات
Source of heading or term qrmak
700 1# - ADDED ENTRY--PERSONAL NAME
Personal name سيناء الجنوبية : محافظة
902 ## - LOCAL DATA ELEMENT B, LDB (RLIN)
No. of Items 1
905 ## - LOCAL DATA ELEMENT E, LDE (RLIN)
Cataloger بلتاجى
Reviser مراجع
905 ## - LOCAL DATA ELEMENT E, LDE (RLIN)
Cataloger عبير
Reviser مدخل
942 ## - ADDED ENTRY ELEMENTS (KOHA)
Source of classification or shelving scheme Dewey Decimal Classification
Koha item type Books
المقتنيات
Source of classification or shelving scheme Not for loan Home library Current library Date acquired Full call number Barcode Date last seen Copy number Koha item type
Dewey Decimal Classification   المكتبة المركزبة الجديدة - جامعة القاهرة قاعة المكتبات المهداة - الدور الرابع 11.02.2024 916.2392 T175 M.K. 01000104001902000 23.06.2024 C.1 Books
Cairo University Libraries Portal Implemented & Customized by: Eng. M. Mohamady Contacts: new-lib@cl.cu.edu.eg | cnul@cl.cu.edu.eg
CUCL logo CNUL logo
© All rights reserved — Cairo University Libraries
CUCL logo
Implemented & Customized by: Eng. M. Mohamady Contact: new-lib@cl.cu.edu.eg © All rights reserved — New Central Library
CNUL logo
Implemented & Customized by: Eng. M. Mohamady Contact: cnul@cl.cu.edu.eg © All rights reserved — Cairo National University Library